Increased Biodiesel Efficiency Alternatives for Production, Stabilization, Characterization and Use of Coproduct /

This book advances the use of biodiesel-more environmentally friendly than traditional fossil fuels-by showing how it can be synthesized at a lower cost, with greater efficiency and as a more pure and stable product. It presents methods based on fluorescence spectroscopy, which are less time-consumi...

Πλήρης περιγραφή

Λεπτομέρειες βιβλιογραφικής εγγραφής
Συγγραφή απο Οργανισμό/Αρχή: SpringerLink (Online service)
Άλλοι συγγραφείς: Trindade, Magno (Επιμελητής έκδοσης, http://id.loc.gov/vocabulary/relators/edt)
Μορφή: Ηλεκτρονική πηγή Ηλ. βιβλίο
Γλώσσα:English
Έκδοση: Cham : Springer International Publishing : Imprint: Springer, 2018.
Έκδοση:1st ed. 2018.
Σειρά:Green Energy and Technology,
Θέματα:
Διαθέσιμο Online:Full Text via HEAL-Link
LEADER 05189nam a2200589 4500
001 978-3-319-73552-8
003 DE-He213
005 20191022012618.0
007 cr nn 008mamaa
008 180129s2018 gw | s |||| 0|eng d
020 |a 9783319735528  |9 978-3-319-73552-8 
024 7 |a 10.1007/978-3-319-73552-8  |2 doi 
040 |d GrThAP 
050 4 |a TJ807-830 
072 7 |a THX  |2 bicssc 
072 7 |a TEC031010  |2 bisacsh 
072 7 |a THV  |2 thema 
082 0 4 |a 621.042  |2 23 
245 1 0 |a Increased Biodiesel Efficiency  |h [electronic resource] :  |b Alternatives for Production, Stabilization, Characterization and Use of Coproduct /  |c edited by Magno Trindade. 
250 |a 1st ed. 2018. 
264 1 |a Cham :  |b Springer International Publishing :  |b Imprint: Springer,  |c 2018. 
300 |a XII, 186 p. 64 illus., 36 illus. in color.  |b online resource. 
336 |a text  |b txt  |2 rdacontent 
337 |a computer  |b c  |2 rdamedia 
338 |a online resource  |b cr  |2 rdacarrier 
347 |a text file  |b PDF  |2 rda 
490 1 |a Green Energy and Technology,  |x 1865-3529 
505 0 |a Chapter I: Renewable energy sources: a sustainable strategy for biodiesel productions -- Chapter II: Synthesis of biodiesel via alternative protocols -- Chapter III: Various multi-functional additives for biodiesel stabilization: Perspectives for more cost-effective and efficiency -- Chapter IV: Hydroxychalcones: Synthetic antioxidants for improving stability of biodiesel -- Chapter V: Fluorescence spectroscopy as an alternative analytical tool for monitoring biodiesel oxidative stability -- Chapter VI: Recent advances on sample preparation procedures for elemental determination in biodiesel -- Chapter VII: Alternative uses for biodiesel byproduct: Glycerol as a source of energy and high-value chemicals. 
520 |a This book advances the use of biodiesel-more environmentally friendly than traditional fossil fuels-by showing how it can be synthesized at a lower cost, with greater efficiency and as a more pure and stable product. It presents methods based on fluorescence spectroscopy, which are less time-consuming than the traditional Rancimat analysis for monitoring stability, and are therefore less prone to allowing oxidative decay in the biofuel. Biodiesel exploits a variety of raw materials, from freshly harvested cottonseed to recycled cooking oil. These are cheap to produce and generate fuel lower in polluting sulphur and aromatic compounds than its petroleum-based equivalent. Beginning by addressing different protocols for synthesis based on fatty acids, methyl and ethyl esters, it then describes chemical analyses essential to establishing the purity of the biodiesel. It highlights in detail the use of multifunctional and synthetic antioxidants, and investigates the impact of synthetic chalcones and their derivatives on the oxidative stability of biodiesel. The author goes on to explain how to ameliorate various influences - UV irradiation and metal contaminants for example - which increase the hazards of oxidation, such as degradation and instability. New pre-treatment procedures performed using ultrasonic energies, thermostatic bath and vortex stirring are not only more environmentally friendly, but cut down on the time-consuming process of determining metal content, and allow for the use of more environmentally friendly aqueous reagents. The book investigates and demonstrates these techniques on the basis of real-world results. Further, it suggests the practical uses of byproducts of biodiesel production, for example, using glycerol as a source of energy and high valuable chemicals. These useful techniques aid any researcher exploring the production process of biodiesel and its stabilization and characteristics. 
650 0 |a Renewable energy resources. 
650 0 |a Green chemistry. 
650 0 |a Biotechnology. 
650 0 |a Pollution prevention. 
650 0 |a Industrial engineering. 
650 0 |a Production engineering. 
650 0 |a Analytical chemistry. 
650 1 4 |a Renewable and Green Energy.  |0 http://scigraph.springernature.com/things/product-market-codes/111000 
650 2 4 |a Green Chemistry.  |0 http://scigraph.springernature.com/things/product-market-codes/C35000 
650 2 4 |a Biotechnology.  |0 http://scigraph.springernature.com/things/product-market-codes/C12002 
650 2 4 |a Industrial Pollution Prevention.  |0 http://scigraph.springernature.com/things/product-market-codes/U35020 
650 2 4 |a Industrial and Production Engineering.  |0 http://scigraph.springernature.com/things/product-market-codes/T22008 
650 2 4 |a Analytical Chemistry.  |0 http://scigraph.springernature.com/things/product-market-codes/C11006 
700 1 |a Trindade, Magno.  |e editor.  |4 edt  |4 http://id.loc.gov/vocabulary/relators/edt 
710 2 |a SpringerLink (Online service) 
773 0 |t Springer eBooks 
776 0 8 |i Printed edition:  |z 9783319735511 
776 0 8 |i Printed edition:  |z 9783319735535 
776 0 8 |i Printed edition:  |z 9783319892511 
830 0 |a Green Energy and Technology,  |x 1865-3529 
856 4 0 |u https://doi.org/10.1007/978-3-319-73552-8  |z Full Text via HEAL-Link 
912 |a ZDB-2-ENE 
950 |a Energy (Springer-40367)